Sjazd Komunistickej strany Slovenska v dňoch 23.-25. novembra 1962

Bibliographic Details
Corporate Author: Komunistická strana Slovenska. Zjazd (Author)
Format: Book
Language:Slovak
PhysicalDescription:70 strán 21 cm
Published: Bratislava Ústredný výbor Komunistickej strany Slovenska 1962
Subjects:

MARC

LEADER 00000cam a2200000 a 4500
001 vtls008359889
003 SK-MaSNL
005 20260426011746.0
008 210623s1962 xo f 100 s slo
015 |a SNBA1962/12-02332 
020 |q (brožované) 
035 |a SK01SNK19620052106 
035 |a urn:nbn:sk:snk-am3il6d 
035 |a 1C0D9E44-6D83-407F-8EE5-748B05FBD670 
035 |a urn:nbn:sk:snk-am00enxw 
035 |a SKM000054569 
040 |a SNK  |b slo  |c SNK  |e AACR2 
041 0 |a slo 
043 |a e-xo--- 
044 |a xo  |c SK 
072 7 |a 329  |x Politické strany a hnutia  |2 konspekt 
072 7 |a 394  |x Verejný a spoločenský život. Každodenný život  |2 konspekt 
080 |a 329.15(437.6):061.3(082)"1962"  |2 1981 
080 |a 329.15  |2 2011 
080 |a (437.6)  |2 2011 
080 |a (042.5)  |2 2011 
080 |a (044)  |2 2011 
080 |a (062.534)  |2 2011 
110 2 |a Komunistická strana Slovenska.  |b Zjazd  |d (1962 :  |c Bratislava, Slovensko)  |4 aut  |9 308553 
245 1 0 |a Sjazd Komunistickej strany Slovenska v dňoch 23.-25. novembra 1962 
260 |a Bratislava  |b Ústredný výbor Komunistickej strany Slovenska  |c 1962 
300 |a 70 strán  |c 21 cm 
610 2 7 |a Komunistická strana Slovenska.  |b Ústredný výbor  |2 SNKKA  |9 186489 
648 7 |a 1962  |2 SNKPH  |9 288803 
650 0 7 |a komunistické strany  |2 SNKPH  |9 3597 
651 7 |a Slovensko  |2 SNKPHgeo  |9 14231 
655 7 |a zborníky  |2 SNKPH  |9 70165 
958 |a RK 
958 |a TL 
958 |a ONDV 
958 |a SP 
999 |c 1079169  |d 1081099 
952 |a SNK  |b SNK  |y PREZ  |7 0  |p 17A0874852  |o snkSC 17185  |i snkKSP 7028/62  |0 0  |1 0  |4 0  |d 2020-09-21  |f 1  |l 0  |r 2025-07-18 00:00:00  |w 2026-02-24